| 000 | 00399nam a22001697a 4500 | ||
|---|---|---|---|
| 005 | 20250104193817.0 | ||
| 008 | 250104b |||||||| |||| 00| 0 eng d | ||
| 020 | _a9781035038114 | ||
| 041 | _aEng | ||
| 082 | _a823 KAW | ||
| 100 | _aKawaguchi, Toshikazu | ||
| 245 | _aTales from the Cafe | ||
| 260 |
_aTokyo _bPicador _c2015 |
||
| 300 | _a192;. P. | ||
| 650 | _aFiction; Literary | ||
| 942 | _cBK | ||
| 999 |
_c43194 _d43194 |
||